<?xml version="1.0" encoding="UTF-8"?><?xml-stylesheet type="text/xsl" href="static/style.xsl"?><OAI-PMH xmlns="http://www.openarchives.org/OAI/2.0/" xmlns:xsi="http://www.w3.org/2001/XMLSchema-instance" xsi:schemaLocation="http://www.openarchives.org/OAI/2.0/ http://www.openarchives.org/OAI/2.0/OAI-PMH.xsd"><responseDate>2026-04-13T15:18:51Z</responseDate><request verb="GetRecord" identifier="oai:www.recercat.cat:2445/178120" metadataPrefix="marc">https://recercat.cat/oai/request</request><GetRecord><record><header><identifier>oai:recercat.cat:2445/178120</identifier><datestamp>2025-12-04T19:09:33Z</datestamp><setSpec>com_2072_1057</setSpec><setSpec>col_2072_478858</setSpec><setSpec>col_2072_478917</setSpec><setSpec>col_2072_478921</setSpec><setSpec>col_2072_478924</setSpec></header><metadata><record xmlns="http://www.loc.gov/MARC21/slim" xmlns:dcterms="http://purl.org/dc/terms/" xmlns:xsi="http://www.w3.org/2001/XMLSchema-instance" xmlns:doc="http://www.lyncode.com/xoai" xsi:schemaLocation="http://www.loc.gov/MARC21/slim http://www.loc.gov/standards/marcxml/schema/MARC21slim.xsd">
   <leader>00925njm 22002777a 4500</leader>
   <datafield ind2=" " ind1=" " tag="042">
      <subfield code="a">dc</subfield>
   </datafield>
   <datafield ind2=" " ind1=" " tag="720">
      <subfield code="a">Martínez-González, Miguel Ángel, 1957-</subfield>
      <subfield code="e">author</subfield>
   </datafield>
   <datafield ind2=" " ind1=" " tag="720">
      <subfield code="a">Salas Salvadó, Jordi</subfield>
      <subfield code="e">author</subfield>
   </datafield>
   <datafield ind2=" " ind1=" " tag="720">
      <subfield code="a">Estruch Riba, Ramon</subfield>
      <subfield code="e">author</subfield>
   </datafield>
   <datafield ind2=" " ind1=" " tag="720">
      <subfield code="a">Corella Piquer, Dolores</subfield>
      <subfield code="e">author</subfield>
   </datafield>
   <datafield ind2=" " ind1=" " tag="720">
      <subfield code="a">Fitó Colomer, Montserrat</subfield>
      <subfield code="e">author</subfield>
   </datafield>
   <datafield ind2=" " ind1=" " tag="720">
      <subfield code="a">Ros Rahola, Emilio</subfield>
      <subfield code="e">author</subfield>
   </datafield>
   <datafield ind2=" " ind1=" " tag="720">
      <subfield code="a">Viñolas Bargallo, Ernest</subfield>
      <subfield code="e">author</subfield>
   </datafield>
   <datafield ind2=" " ind1=" " tag="720">
      <subfield code="a">PREDIMED Investigators</subfield>
      <subfield code="e">author</subfield>
   </datafield>
   <datafield ind2=" " ind1=" " tag="260">
      <subfield code="c">2021-06-08T11:08:47Z</subfield>
   </datafield>
   <datafield ind2=" " ind1=" " tag="260">
      <subfield code="c">2021-06-08T11:08:47Z</subfield>
   </datafield>
   <datafield ind2=" " ind1=" " tag="260">
      <subfield code="c">2015-07</subfield>
   </datafield>
   <datafield ind2=" " ind1=" " tag="260">
      <subfield code="c">2021-06-08T11:08:48Z</subfield>
   </datafield>
   <datafield ind2=" " ind1=" " tag="520">
      <subfield code="a">The PREDIMED (PREvención con DIeta MEDiterránea) multicenter, randomized, primary prevention trial assessed the long-term effects of the Mediterranean diet (MeDiet) on clinical events of cardiovascular disease (CVD). We randomized 7447 men and women at high CVD risk into three diets: MeDiet supplemented with extra-virgin olive oil (EVOO), MeDiet supplemented with nuts, and control diet (advice on a low-fat diet). No energy restriction and no special intervention on physical activity were applied. We observed 288 CVD events (a composite of myocardial infarction, stroke or CVD death) during a median time of 4.8 years; hazard ratios were 0.70 (95% CI, 0.53-0.91) for the MeDiet + EVOO and 0.70 (CI, 0.53-0.94) for the MeDiet + nuts compared to the control group. Respective hazard ratios for incident diabetes (273 cases) among 3541 non-diabetic participants were 0.60 (0.43-0.85) and 0.82 (0.61-1.10) for MeDiet + EVOO and MeDiet + nuts, respectively versus control. Significant improvements in classical and emerging CVD risk factors also supported a favorable effect of both MeDiets on blood pressure, insulin sensitivity, lipid profiles, lipoprotein particles, inflammation, oxidative stress, and carotid atherosclerosis. In nutrigenomic studies beneficial effects of the intervention with MedDiets showed interactions with several genetic variants (TCF7L2, APOA2, MLXIPL, LPL, FTO, M4CR, COX-2, GCKR and SERPINE1) with respect to intermediate and final phenotypes. Thus, the PREDIMED trial provided strong evidence that a vegetable-based MeDiet rich in unsaturated fat and polyphenols can be a sustainable and ideal model for CVD prevention.</subfield>
   </datafield>
   <datafield tag="653" ind2=" " ind1=" ">
      <subfield code="a">Cuina mediterrània</subfield>
   </datafield>
   <datafield tag="653" ind2=" " ind1=" ">
      <subfield code="a">Dieta</subfield>
   </datafield>
   <datafield tag="653" ind2=" " ind1=" ">
      <subfield code="a">Malalties cardiovasculars</subfield>
   </datafield>
   <datafield tag="653" ind2=" " ind1=" ">
      <subfield code="a">Mediterranean cooking</subfield>
   </datafield>
   <datafield tag="653" ind2=" " ind1=" ">
      <subfield code="a">Diet</subfield>
   </datafield>
   <datafield tag="653" ind2=" " ind1=" ">
      <subfield code="a">Cardiovascular diseases</subfield>
   </datafield>
   <datafield ind2="0" ind1="0" tag="245">
      <subfield code="a">Benefits of the Mediterranean Diet: Insights From the PREDIMED Study</subfield>
   </datafield>
</record></metadata></record></GetRecord></OAI-PMH>